Diseño y construcción de un dispositivo mecánico para colectar racimos de pejibaye
Guardat en:
| Autor principal: | |
|---|---|
| Format: | Llibre |
| Publicat: |
San José, C.R
1997
|
| Matèries: | |
| Etiquetes: |
Afegir etiqueta
Sense etiquetes, Sigues el primer a etiquetar aquest registre!
|
MARC
| LEADER | 00000nam a2200000Ia 4500 | ||
|---|---|---|---|
| 003 | 008195 | ||
| 005 | 20221231144231.0 | ||
| 008 | 140114s1997 cr a m 000 ||s d | ||
| 040 | |c cru CEDI | ||
| 090 | |a TFG 3661 | ||
| 100 | |a Ulate Rodriguez, Ronny Alejandro |9 9495 | ||
| 245 | |a Diseño y construcción de un dispositivo mecánico para colectar racimos de pejibaye | ||
| 260 | |c 1997 |a San José, C.R | ||
| 300 | |a xi, 134 hojas : ilustraciones (algunas a color) | ||
| 500 | |a Proyecto de graduación (licenciatura en ingeniería mecánica)--Universidad de Costa Rica. Facultad de Ingeniería. Escuela de Ingeniería Mecánica | ||
| 650 | |x EQUIPO DE RECOLECCION DE FRUTAS - DISEÑO Y CONSTRUCCION |x PEJIBAYES |9 9496 | ||
| 942 | |c TFG | ||
| 999 | |c 18839 |d 18839 | ||
